[Event "WCO 2016"]
[Site "?"]
[Date "2016.09.09"]
[Round "7"]
[Board "2"]
[WhiteID "9002146"]
[White "Rania Sbai"]
[BlackID "7702523"]
[Black "Yearwood Shannon"]
[Result "1/2-1/2"]
[BlackElo "1662"]
[WhiteElo "1907"]
[LiveChessVersion "1.4.8"]

1. d4 {[%clk 1:30:48]} d5 {[%clk 1:30:54]} 2. c4 {[%clk 1:31:03]} c6
{[%clk 1:31:15]} 3. Nc3 {[%clk 1:31:28]} Nf6 {[%clk 1:31:40]} 4. Nf3
{[%clk 1:31:53]} e6 {[%clk 1:32:05]} 5. e3 {[%clk 1:32:03]} Nbd7 {[%clk 1:32:15]}
6. Qc2 {[%clk 1:32:15]} Bd6 {[%clk 1:32:26]} 7. Bd3 {[%clk 1:32:38]} dxc4
{[%clk 1:32:48]} 8. Bxc4 {[%clk 1:33:02]} b5 {[%clk 1:26:38]} 9. Bd3
{[%clk 1:33:12]} a6 {[%clk 1:26:47]} 10. Ne4 {[%clk 1:27:59]} Bb4+
{[%clk 1:23:02]} 11. Bd2 Bxd2+ {[%clk 1:23:23]} 12. Nfxd2 {[%clk 1:27:06]} Qc7
{[%clk 1:19:20]} 13. Rc1 {[%clk 1:18:08]} Bb7 {[%clk 1:12:06]} 14. Nxf6+ Nxf6 15.
Qc5 {[%clk 1:12:36]} Nd7 {[%clk 0:56:57]} 16. Qg5 {[%clk 1:10:08]} O-O
{[%clk 0:52:26]} 17. a3 {[%clk 0:56:01]} h6 {[%clk 0:50:28]} 18. Qh4
{[%clk 0:51:20]} Qd8 {[%clk 0:46:57]} 19. Qe4 {[%clk 0:49:15]} Nf6
{[%clk 0:46:24]} 20. Qf4 {[%clk 0:47:52]} Rc8 {[%clk 0:35:49]} 21. Ne4
{[%clk 0:44:53]} Nxe4 {[%clk 0:22:11]} 22. Qxe4 {[%clk 0:44:18]} g6
{[%clk 0:21:48]} 23. h4 {[%clk 0:37:21]} Qd5 {[%clk 0:19:30]} 24. Rc5
{[%clk 0:32:32]} Qxe4 {[%clk 0:19:38]} 25. Bxe4 {[%clk 0:32:51]} f5
{[%clk 0:17:41]} 26. Bf3 {[%clk 0:32:52]} h5 {[%clk 0:14:20]} 27. Ke2
{[%clk 0:31:26]} Rf7 {[%clk 0:13:11]} 28. Rhc1 {[%clk 0:31:35]} Rfc7
{[%clk 0:13:33]} 29. e4 {[%clk 0:27:12]} Kf7 {[%clk 0:07:56]} 30. Ke3
{[%clk 0:19:41]} Ke7 {[%clk 0:04:59]} 31. Kf4 {[%clk 0:18:51]} Kf6
{[%clk 0:04:01]} 32. exf5 {[%clk 0:18:53]} gxf5 {[%clk 0:04:13]} 33. Bxh5
{[%clk 0:17:37]} Rh7 {[%clk 0:03:44]} 34. g4 {[%clk 0:12:49]} fxg4
{[%clk 0:04:00]} 35. Kxg4 {[%clk 0:13:13]} Rd8 {[%clk 0:03:10]} 36. Rd1
{[%clk 0:07:55]} Rd5 {[%clk 0:03:02]} 37. Rxd5 {[%clk 0:06:50]} exd5
{[%clk 0:03:30]} 38. Be8 {[%clk 0:06:55]} Re7 39. Bh5 {[%clk 0:07:08]} Rh7
{[%clk 0:02:45]} 40. Be8 {[%clk 0:36:38]} Re7 {[%clk 0:33:08]} 41. Bh5
{[%clk 0:37:00]} 1/2-1/2

[Event "WCO 2016"]
[Site "?"]
[Date "2016.09.09"]
[Round "7"]
[Board "3"]
[WhiteID "7701128"]
[White "Johnson Gabriella"]
[BlackID "9001727"]
[Black "Mayar ElIdrissi Firdaous"]
[Result "1-0"]
[BlackElo "1786"]
[WhiteElo "1794"]
[LiveChessVersion "1.4.8"]

1. e4 {[%clk 1:30:57]} c5 {[%clk 1:30:50]} 2. Nf3 {[%clk 1:31:21]} d6
{[%clk 1:31:04]} 3. d4 {[%clk 1:31:46]} cxd4 {[%clk 1:31:31]} 4. Nxd4
{[%clk 1:32:12]} Nf6 {[%clk 1:31:54]} 5. Nc3 {[%clk 1:32:37]} a6 {[%clk 1:32:11]}
6. Bc4 {[%clk 1:32:58]} e5 {[%clk 1:32:15]} 7. Nf5 {[%clk 1:32:14]} Bxf5
{[%clk 1:32:11]} 8. exf5 {[%clk 1:32:41]} Qd7 {[%clk 1:28:09]} 9. O-O
{[%clk 1:30:43]} Be7 {[%clk 1:27:30]} 10. Nd5 {[%clk 1:27:48]} Nxd5
{[%clk 1:22:05]} 11. Qxd5 {[%clk 1:27:48]} O-O {[%clk 1:15:22]} 12. f4
{[%clk 1:22:16]} Qc7 {[%clk 1:02:14]} 13. Kh1 {[%clk 1:08:09]} Nd7
{[%clk 0:59:51]} 14. Bb3 {[%clk 1:01:13]} Nf6 {[%clk 0:58:28]} 15. Qd1
{[%clk 0:57:56]} e4 {[%clk 0:52:37]} 16. Be3 {[%clk 0:50:54]} Rad8
{[%clk 0:38:32]} 17. g4 {[%clk 0:49:55]} Rfe8 {[%clk 0:34:12]} 18. g5
{[%clk 0:49:36]} Nd7 {[%clk 0:34:41]} 19. Qh5 {[%clk 0:39:16]} Rf8
{[%clk 0:29:09]} 20. Rg1 {[%clk 0:31:38]} Kh8 {[%clk 0:22:58]} 21. Bxf7
{[%clk 0:30:40]} Qxc2 {[%clk 0:21:21]} 22. Bg6 {[%clk 0:30:23]} h6
{[%clk 0:18:46]} 23. gxh6 {[%clk 0:30:42]} 1-0

[Event "WCO 2016"]
[Site "?"]
[Date "2016.09.09"]
[Round "7"]
[Board "4"]
[WhiteID "9004319"]
[White "Ibrahimi Khadija "]
[BlackID "7702060"]
[Black "James Shemilah"]
[Result "1-0"]
[BlackElo "1495"]
[WhiteElo "1565"]
[LiveChessVersion "1.4.8"]

1. e4 {[%clk 1:30:44]} e5 {[%clk 1:30:55]} 2. Nf3 {[%clk 1:30:57]} Nc6
{[%clk 1:31:18]} 3. Bc4 {[%clk 1:31:16]} Bc5 {[%clk 1:31:41]} 4. O-O
{[%clk 1:30:36]} d6 {[%clk 1:31:05]} 5. h3 {[%clk 1:26:38]} a6 {[%clk 1:28:03]}
6. c3 {[%clk 1:25:42]} Nf6 {[%clk 1:26:21]} 7. d3 {[%clk 1:23:08]} h6
{[%clk 1:22:42]} 8. Bb3 {[%clk 1:18:54]} Ba7 {[%clk 1:21:27]} 9. Nbd2
{[%clk 1:16:35]} O-O {[%clk 1:20:34]} 10. Re1 {[%clk 1:10:54]} Re8
{[%clk 1:16:15]} 11. Nc4 {[%clk 1:08:40]} b5 {[%clk 1:10:02]} 12. Ne3
{[%clk 1:08:49]} Ne7 {[%clk 1:08:20]} 13. Nh4 {[%clk 1:03:07]} c6
{[%clk 0:57:38]} 14. Qf3 {[%clk 1:00:52]} d5 {[%clk 0:51:32]} 15. Nef5
{[%clk 0:55:54]} Nxf5 {[%clk 0:47:43]} 16. Nxf5 {[%clk 0:55:25]} Bxf5
{[%clk 0:47:08]} 17. Qxf5 {[%clk 0:55:36]} dxe4 {[%clk 0:39:38]} 18. dxe4
{[%clk 0:55:02]} c5 {[%clk 0:27:43]} 19. Rd1 {[%clk 0:42:49]} Qc8
{[%clk 0:22:06]} 20. Qf3 {[%clk 0:40:30]} c4 {[%clk 0:20:49]} 21. Bc2
{[%clk 0:40:45]} Qc6 {[%clk 0:19:40]} 22. a4 {[%clk 0:39:52]} Nd7
{[%clk 0:14:30]} 23. Qf5 {[%clk 0:33:58]} Nc5 {[%clk 0:11:37]} 24. axb5
{[%clk 0:31:23]} axb5 {[%clk 0:11:24]} 25. Be3 {[%clk 0:30:41]} Bb6
{[%clk 0:10:07]} 26. Rxa8 {[%clk 0:27:52]} Qxa8 {[%clk 0:10:19]} 27. Kh2
{[%clk 0:23:44]} Qc6 {[%clk 0:10:11]} 28. Rd5 {[%clk 0:22:57]} Qc7
{[%clk 0:08:21]} 29. Bxc5 {[%clk 0:22:10]} Bxc5 {[%clk 0:08:44]} 30. Rd7
{[%clk 0:22:15]} Re7 {[%clk 0:05:01]} 31. Rxc7 {[%clk 0:22:26]} Rxc7 32. Qxe5
{[%clk 0:22:27]} Rc8 {[%clk 0:05:14]} 33. Qf5 {[%clk 0:22:21]} 1-0

[Event "WCO 2016"]
[Site "?"]
[Date "2016.09.09"]
[Round "7"]
[Board "1"]
[WhiteID "6203191"]
[White "Atikankhotchasee Manunthon"]
[BlackID "14800144"]
[Black "Vilhete Vania Fausto Da T."]
[Result "0-1"]
[BlackElo "1741"]
[WhiteElo "1696"]
[LiveChessVersion "1.4.8"]

1. d4 {[%clk 1:30:56]} d5 {[%clk 1:30:48]} 2. Bg5 {[%clk 1:31:14]} c5
{[%clk 1:29:32]} 3. dxc5 {[%clk 1:22:53]} Qa5+ {[%clk 1:29:46]} 4. Nc3
{[%clk 1:23:15]} e6 {[%clk 1:28:48]} 5. e4 {[%clk 1:20:38]} Be7 {[%clk 1:14:40]}
6. Bd2 {[%clk 1:14:13]} Qxc5 {[%clk 1:14:46]} 7. exd5 {[%clk 1:14:15]} exd5
{[%clk 1:14:47]} 8. Be3 {[%clk 1:14:12]} Qb4 {[%clk 1:12:21]} 9. Qxd5
{[%clk 1:01:40]} Qxb2 {[%clk 1:09:34]} 10. Qb5+ {[%clk 1:01:47]} Qxb5
{[%clk 1:09:54]} 11. Bxb5+ {[%clk 0:59:05]} Bd7 {[%clk 1:09:14]} 12. Nge2
{[%clk 0:54:37]} Nf6 {[%clk 1:09:22]} 13. O-O {[%clk 0:52:18]} O-O
{[%clk 1:08:54]} 14. Rab1 {[%clk 0:49:46]} Nc6 {[%clk 1:08:05]} 15. h3
{[%clk 0:48:21]} a6 {[%clk 1:07:45]} 16. Bxc6 {[%clk 0:43:05]} Bxc6
{[%clk 1:07:52]} 17. Nd4 {[%clk 0:43:23]} Rac8 {[%clk 1:07:55]} 18. Nxc6
{[%clk 0:41:33]} Rxc6 {[%clk 1:08:14]} 19. Rxb7 {[%clk 0:39:45]} Rxc3
{[%clk 1:08:33]} 20. Rxe7 {[%clk 0:40:05]} Rxc2 {[%clk 1:08:56]} 21. a3
{[%clk 0:37:24]} Ra2 {[%clk 0:59:11]} 22. Ra7 {[%clk 0:37:37]} Nd5
{[%clk 0:58:38]} 23. Bc5 {[%clk 0:37:13]} Rc8 {[%clk 0:58:52]} 24. Rxa6
{[%clk 0:37:21]} h6 {[%clk 0:59:11]} 25. Ra5 {[%clk 0:31:31]} Nf4
{[%clk 0:58:48]} 26. Rd1 {[%clk 0:27:20]} Ne2+ {[%clk 0:57:51]} 27. Kf1
{[%clk 0:26:36]} Nc3 {[%clk 0:58:00]} 28. Re1 {[%clk 0:26:16]} Rd8
{[%clk 0:55:24]} 29. Ra7 {[%clk 0:19:57]} Rdd2 {[%clk 0:51:50]} 30. Rae7
{[%clk 0:10:04]} Rdc2 {[%clk 0:43:21]} 31. Re8+ {[%clk 0:09:07]} Kh7
{[%clk 0:43:43]} 32. R8e5 {[%clk 0:03:47]} f6 {[%clk 0:43:17]} 33. Re8
{[%clk 0:02:48]} Na4 {[%clk 0:39:38]} 34. Bd4 {[%clk 0:01:39]} Rxa3
{[%clk 0:39:13]} 35. R8e2 {[%clk 0:01:58]} Rc4 {[%clk 0:36:54]} 36. Ba1
{[%clk 0:01:02]} Nc5 {[%clk 0:36:26]} 37. Re7 {[%clk 0:00:53]} Rf4
{[%clk 0:34:52]} 38. R7e3 {[%clk 0:00:38]} Nd3 {[%clk 0:29:17]} 39. f3
{[%clk 0:01:00]} Rfa4 {[%clk 0:28:13]} 0-1

[Event "WCO 2016"]
[Site "?"]
[Date "2016.09.09"]
[Round "7"]
[Board "4"]
[WhiteID "14800292"]
[White "Farnela Nuzela Zacarias Musindo"]
[BlackID "6202179"]
[Black "Vongvastana Chananchida"]
[Result "1/2-1/2"]
[BlackElo "1594"]
[WhiteElo "1350"]
[LiveChessVersion "1.4.8"]

1. e4 {[%clk 1:30:55]} d5 {[%clk 1:30:57]} 2. Nc3 {[%clk 1:29:45]} d4
{[%clk 1:21:22]} 3. Nce2 {[%clk 1:29:17]} c5 {[%clk 1:17:02]} 4. d3
{[%clk 1:27:29]} Nc6 {[%clk 1:14:39]} 5. c4 {[%clk 1:25:51]} Ne5 {[%clk 1:09:41]}
6. Ng3 {[%clk 1:19:50]} Qa5+ {[%clk 1:07:19]} 7. Bd2 {[%clk 1:18:06]} Qc7 8. h3
{[%clk 1:13:35]} e6 {[%clk 1:01:51]} 9. Nf3 {[%clk 1:09:23]} Ng6 {[%clk 0:58:49]}
10. Be2 {[%clk 1:05:26]} Nf6 {[%clk 0:53:14]} 11. O-O {[%clk 1:02:56]} Bd6
{[%clk 0:53:15]} 12. Qe1 {[%clk 0:53:46]} h6 {[%clk 0:44:06]} 13. Bd1
{[%clk 0:51:23]} O-O {[%clk 0:42:52]} 14. Nh2 {[%clk 0:48:12]} Nh7
{[%clk 0:27:59]} 15. b4 {[%clk 0:36:57]} Bd7 {[%clk 0:17:12]} 16. bxc5
{[%clk 0:35:48]} Qxc5 {[%clk 0:16:40]} 17. f4 {[%clk 0:32:14]} a5
{[%clk 0:15:01]} 18. e5 {[%clk 0:28:23]} Bc7 {[%clk 0:14:12]} 19. Bh5
{[%clk 0:24:05]} Ne7 20. Ne4 {[%clk 0:21:51]} Qa7 {[%clk 0:12:38]} 21. Qg3
{[%clk 0:16:15]} Kh8 {[%clk 0:11:45]} 22. Qe1 {[%clk 0:13:04]} Bc6
{[%clk 0:11:20]} 23. Bf3 {[%clk 0:10:57]} Ng6 {[%clk 0:10:14]} 24. Bh5
{[%clk 0:10:31]} Ne7 {[%clk 0:10:29]} 25. Bf3 {[%clk 0:10:40]} Rae8
{[%clk 0:06:02]} 26. Nd6 {[%clk 0:07:41]} Rd8 {[%clk 0:05:25]} 27. Nb5
{[%clk 0:07:08]} Bxb5 {[%clk 0:04:48]} 28. cxb5 {[%clk 0:07:32]} Bb6
{[%clk 0:03:49]} 29. a4 {[%clk 0:07:16]} Nd5 {[%clk 0:03:30]} 30. Bxd5
{[%clk 0:05:30]} Rxd5 {[%clk 0:03:53]} 31. Nf3 {[%clk 0:05:27]} Re8
{[%clk 0:03:31]} 32. Qh4 {[%clk 0:04:17]} Kg8 {[%clk 0:02:32]} 33. g4
{[%clk 0:03:43]} Rd7 {[%clk 0:02:01]} 34. Qh5 {[%clk 0:02:06]} Bc5
{[%clk 0:01:34]} 35. h4 Bf8 {[%clk 0:01:50]} 36. g5 {[%clk 0:01:25]} g6
{[%clk 0:01:56]} 37. Qg4 {[%clk 0:01:38]} h5 {[%clk 0:02:18]} 38. Qg2
{[%clk 0:01:37]} Bc5 {[%clk 0:01:40]} 39. Rab1 {[%clk 0:00:54]} b6
{[%clk 0:01:43]} 40. Rfc1 {[%clk 0:30:57]} Rd5 {[%clk 0:31:57]} 41. Rc4
{[%clk 0:28:46]} Red8 {[%clk 0:31:05]} 42. Bc1 {[%clk 0:27:19]} R8d7
{[%clk 0:30:44]} 43. Bb2 {[%clk 0:26:24]} 1/2-1/2

[Event "WCO 2016"]
[Site "?"]
[Date "2016.09.09"]
[Round "7"]
[Board "5"]
[WhiteID "5501148"]
[White "Marzouk Amira"]
[BlackID "10800794"]
[Black "Jumba Gloria"]
[Result "1/2-1/2"]
[BlackElo "1591"]
[WhiteElo "1724"]
[LiveChessVersion "1.4.8"]

1. e4 {[%clk 1:30:50]} e5 {[%clk 1:30:51]} 2. Nf3 {[%clk 1:31:15]} Nf6
{[%clk 1:31:15]} 3. Nxe5 {[%clk 1:31:05]} d6 {[%clk 1:31:39]} 4. Nf3
{[%clk 1:31:31]} Nxe4 {[%clk 1:32:03]} 5. Nc3 {[%clk 1:31:31]} Nf6
{[%clk 1:32:22]} 6. d4 {[%clk 1:31:32]} d5 {[%clk 1:32:46]} 7. Bd3
{[%clk 1:29:47]} Be7 {[%clk 1:32:58]} 8. h3 {[%clk 1:29:43]} Nc6 {[%clk 1:31:57]}
9. O-O {[%clk 1:28:13]} O-O {[%clk 1:32:22]} 10. Re1 {[%clk 1:22:41]} Nb4
{[%clk 1:26:28]} 11. Bf1 {[%clk 1:20:05]} Bf5 {[%clk 1:26:12]} 12. Bd3
{[%clk 1:16:04]} Nxd3 {[%clk 1:24:39]} 13. cxd3 {[%clk 1:16:28]} h6
{[%clk 1:24:57]} 14. Bf4 {[%clk 1:09:01]} Bd6 {[%clk 1:21:57]} 15. Ne5
{[%clk 1:07:41]} c6 {[%clk 1:21:22]} 16. Qf3 {[%clk 1:06:58]} Bh7
{[%clk 1:14:57]} 17. g4 {[%clk 1:03:22]} Ne8 {[%clk 1:12:51]} 18. Qe3
{[%clk 0:43:06]} Qc7 {[%clk 1:00:36]} 19. Ne2 {[%clk 0:36:41]} g5
{[%clk 0:55:47]} 20. Bg3 {[%clk 0:35:34]} f6 {[%clk 0:53:45]} 21. Nf3
{[%clk 0:35:54]} Ng7 {[%clk 0:52:03]} 22. Bxd6 {[%clk 0:33:30]} Qxd6
{[%clk 0:50:24]} 23. Ng3 {[%clk 0:33:46]} Rae8 {[%clk 0:49:31]} 24. Qd2
{[%clk 0:33:59]} Re7 {[%clk 0:48:41]} 25. Rxe7 {[%clk 0:30:14]} Qxe7
{[%clk 0:49:08]} 26. Re1 {[%clk 0:30:38]} Qd7 {[%clk 0:48:04]} 27. Re3
{[%clk 0:22:16]} Re8 {[%clk 0:46:30]} 28. Kg2 {[%clk 0:22:13]} Kf7
{[%clk 0:46:58]} 29. Nh2 {[%clk 0:18:08]} Ne6 {[%clk 0:45:36]} 30. Ne2
{[%clk 0:18:34]} Qc7 {[%clk 0:43:59]} 31. h4 {[%clk 0:13:59]} Nf4+
{[%clk 0:36:15]} 32. Nxf4 {[%clk 0:13:42]} Qxf4 {[%clk 0:36:38]} 33. hxg5
{[%clk 0:12:56]} hxg5 {[%clk 0:35:19]} 34. Qe2 {[%clk 0:12:40]} Rxe3
{[%clk 0:30:53]} 35. fxe3 {[%clk 0:13:00]} Qd6 {[%clk 0:30:55]} 36. a3
{[%clk 0:10:11]} Qd8 {[%clk 0:31:08]} 37. Nf1 {[%clk 0:09:36]} Qb6
{[%clk 0:30:42]} 38. Ng3 {[%clk 0:09:52]} Ke6 {[%clk 0:29:01]} 39. Nh5
{[%clk 0:07:28]} Bg6 {[%clk 0:25:45]} 40. Ng7+ {[%clk 0:37:25]} Kf7
{[%clk 0:53:32]} 41. Nf5 {[%clk 0:37:37]} Ke6 {[%clk 0:50:01]} 42. Ng7+
{[%clk 0:36:28]} Kf7 {[%clk 0:50:30]} 43. Nf5 1/2-1/2

[Event "WCO 2016"]
[Site "?"]
[Date "2016.09.09"]
[Round "7"]
[Board "6"]
[WhiteID "10800310"]
[White "Wambugu Jane Wanjiru"]
[BlackID "5501652"]
[Black "Meddeb Chadha"]
[Result "1/2-1/2"]
[BlackElo "1585"]
[WhiteElo "1542"]
[LiveChessVersion "1.4.8"]

1. d4 {[%clk 1:30:58]} d5 {[%clk 1:30:58]} 2. Bf4 {[%clk 1:31:20]} Nc6
{[%clk 1:31:17]} 3. e3 {[%clk 1:31:44]} Bf5 {[%clk 1:31:40]} 4. c3
{[%clk 1:31:52]} e6 {[%clk 1:31:46]} 5. Nf3 {[%clk 1:31:57]} Bd6 {[%clk 1:32:03]}
6. Bxd6 {[%clk 1:31:04]} cxd6 {[%clk 1:32:28]} 7. Be2 {[%clk 1:27:36]} Nf6
{[%clk 1:32:22]} 8. Nbd2 {[%clk 1:26:50]} h6 {[%clk 1:31:30]} 9. O-O
{[%clk 1:24:46]} O-O {[%clk 1:31:56]} 10. a3 {[%clk 1:24:14]} a6 {[%clk 1:17:25]}
11. c4 {[%clk 1:23:24]} dxc4 {[%clk 1:15:54]} 12. Bxc4 {[%clk 1:22:33]} b5
{[%clk 1:16:21]} 13. Be2 {[%clk 1:20:17]} Qd7 {[%clk 1:14:59]} 14. b4
{[%clk 1:19:57]} Rfc8 {[%clk 1:14:56]} 15. Rc1 {[%clk 1:19:53]} Qb7
{[%clk 1:11:00]} 16. Nb3 {[%clk 1:15:30]} Rab8 {[%clk 0:50:51]} 17. h3
{[%clk 1:10:10]} Be4 {[%clk 0:31:49]} 18. Bd3 {[%clk 1:06:02]} Bd5
{[%clk 0:31:41]} 19. Re1 {[%clk 0:56:28]} Ne4 {[%clk 0:30:51]} 20. Bxe4
{[%clk 0:53:15]} Bxe4 {[%clk 0:31:18]} 21. Nbd2 {[%clk 0:53:16]} Bh7
{[%clk 0:31:28]} 22. Qb3 {[%clk 0:51:43]} a5 {[%clk 0:25:40]} 23. Rc3
{[%clk 0:49:41]} axb4 {[%clk 0:22:58]} 24. axb4 {[%clk 0:49:31]} Ne7
{[%clk 0:23:13]} 25. Rec1 {[%clk 0:49:07]} Nd5 {[%clk 0:22:59]} 26. Rxc8+
{[%clk 0:47:32]} Rxc8 {[%clk 0:23:28]} 27. Rxc8+ {[%clk 0:47:53]} Qxc8
{[%clk 0:23:57]} 28. Qa3 {[%clk 0:45:24]} Kf8 {[%clk 0:16:03]} 29. Qa5
{[%clk 0:29:29]} Nc3 {[%clk 0:16:10]} 30. Qb6 {[%clk 0:26:15]} Ke7
{[%clk 0:15:14]} 31. Qa5 1/2-1/2

[Event "WCO 2016"]
[Site "?"]
[Date "2016.09.09"]
[Round "7"]
[Board "7"]
[WhiteID "5503400"]
[White "Ben Said Safa"]
[BlackID "10800514"]
[Black "Maina Purity"]
[Result "1-0"]
[BlackElo "1528"]
[WhiteElo "1563"]
[LiveChessVersion "1.4.8"]

1. e4 {[%clk 1:30:56]} e5 {[%clk 1:30:55]} 2. Nf3 {[%clk 1:31:15]} Nc6
{[%clk 1:31:16]} 3. Bc4 {[%clk 1:31:13]} Bc5 {[%clk 1:29:42]} 4. c3
{[%clk 1:29:44]} d6 {[%clk 1:28:29]} 5. Bb3 {[%clk 1:28:26]} Bg4 {[%clk 1:27:58]}
6. d3 {[%clk 1:27:02]} Nge7 {[%clk 1:25:58]} 7. Nbd2 {[%clk 1:24:58]} O-O
{[%clk 1:25:29]} 8. Nf1 {[%clk 1:23:11]} Qd7 {[%clk 1:20:36]} 9. h3
{[%clk 1:22:19]} Be6 {[%clk 1:18:47]} 10. Bc2 {[%clk 1:21:06]} Ng6
{[%clk 1:15:00]} 11. a3 {[%clk 1:14:24]} d5 {[%clk 1:10:21]} 12. Qe2
{[%clk 1:06:22]} dxe4 {[%clk 1:05:40]} 13. dxe4 {[%clk 1:05:20]} Nf4
{[%clk 0:59:56]} 14. Bxf4 {[%clk 0:58:54]} exf4 {[%clk 0:59:30]} 15. Rd1
{[%clk 0:57:59]} Qe7 {[%clk 0:56:50]} 16. N1d2 {[%clk 0:55:40]} Rfe8
{[%clk 0:53:39]} 17. O-O {[%clk 0:54:11]} a6 {[%clk 0:47:34]} 18. e5
{[%clk 0:49:33]} Bd5 {[%clk 0:34:52]} 19. Ne4 {[%clk 0:40:23]} Bxe4
{[%clk 0:27:12]} 20. Qxe4 {[%clk 0:40:11]} g6 {[%clk 0:25:39]} 21. Rfe1
{[%clk 0:38:20]} Rad8 {[%clk 0:19:21]} 22. Qxf4 {[%clk 0:34:51]} Rxd1
{[%clk 0:17:58]} 23. Bxd1 {[%clk 0:34:25]} Qd7 {[%clk 0:10:00]} 24. b4
{[%clk 0:29:55]} Ba7 {[%clk 0:08:24]} 25. Bb3 {[%clk 0:28:47]} Re7
{[%clk 0:07:42]} 26. Qh6 {[%clk 0:28:42]} Kh8 {[%clk 0:05:57]} 27. Qf8#
{[%clk 0:28:49]} 1-0

[Event "WCO 2016"]
[Site "?"]
[Date "2016.09.09"]
[Round "7"]
[Board "8"]
[WhiteID "10802886"]
[White "Joyce Nyaruai"]
[BlackID "5503779"]
[Black "Miladi Amen"]
[Result "1/2-1/2"]
[BlackElo "1491"]
[WhiteElo "1482"]
[LiveChessVersion "1.4.8"]

1. d4 {[%clk 1:30:50]} Nf6 {[%clk 1:30:32]} 2. Nf3 {[%clk 1:31:10]} g6
{[%clk 1:30:24]} 3. Bf4 {[%clk 1:31:23]} Bg7 {[%clk 1:30:38]} 4. e3
{[%clk 1:31:29]} d6 {[%clk 1:30:36]} 5. Bd3 {[%clk 1:30:55]} O-O {[%clk 1:30:15]}
6. h3 {[%clk 1:30:38]} c5 {[%clk 1:30:27]} 7. O-O {[%clk 1:29:47]} Qb6
{[%clk 1:30:49]} 8. Qc1 {[%clk 1:29:51]} Nd5 {[%clk 1:26:08]} 9. Bg5
{[%clk 1:25:02]} Nc6 {[%clk 1:20:57]} 10. c3 {[%clk 1:22:44]} Bd7
{[%clk 1:11:24]} 11. Nbd2 {[%clk 1:19:16]} Rfc8 {[%clk 1:10:38]} 12. e4
{[%clk 1:15:34]} Nf6 {[%clk 1:07:24]} 13. d5 {[%clk 1:13:28]} Nd8
{[%clk 1:06:22]} 14. b3 {[%clk 1:12:41]} e6 {[%clk 1:03:38]} 15. Nc4
{[%clk 0:59:54]} Qc7 {[%clk 1:02:27]} 16. Bf4 {[%clk 0:57:33]} Ne8
{[%clk 0:58:41]} 17. e5 {[%clk 0:48:17]} exd5 {[%clk 0:55:37]} 18. exd6
{[%clk 0:45:55]} Qb8 {[%clk 0:54:55]} 19. Nce5 {[%clk 0:46:11]} Nf6
{[%clk 0:53:58]} 20. Re1 {[%clk 0:40:29]} Ne6 {[%clk 0:52:20]} 21. Bh2
{[%clk 0:38:06]} Re8 {[%clk 0:49:13]} 22. g4 {[%clk 0:36:32]} h6 {[%clk 0:40:48]}
23. h4 {[%clk 0:36:42]} Qd8 {[%clk 0:40:51]} 24. g5 {[%clk 0:34:52]} hxg5
{[%clk 0:41:11]} 25. Nxg5 {[%clk 0:35:15]} Nxg5 {[%clk 0:39:56]} 26. hxg5
{[%clk 0:31:25]} Nh7 {[%clk 0:38:28]} 27. Nxd7 {[%clk 0:31:02]} Rxe1+
{[%clk 0:38:24]} 28. Qxe1 {[%clk 0:31:02]} Qxd7 {[%clk 0:38:09]} 29. Qe7
{[%clk 0:26:54]} Qg4+ {[%clk 0:35:58]} 30. Bg3 {[%clk 0:26:16]} Qxg5
{[%clk 0:34:08]} 31. Qxb7 {[%clk 0:26:10]} Rd8 {[%clk 0:33:50]} 32. Bb5
{[%clk 0:23:10]} Bxc3 {[%clk 0:29:12]} 33. Rd1 {[%clk 0:23:21]} Rxd6
{[%clk 0:28:31]} 34. Qc8+ {[%clk 0:22:27]} Rd8 {[%clk 0:28:20]} 35. Qxc5
{[%clk 0:22:51]} d4 {[%clk 0:26:27]} 36. Qc7 {[%clk 0:19:32]} Nf8
{[%clk 0:24:39]} 37. Bc4 {[%clk 0:19:15]} Rd7 {[%clk 0:23:40]} 38. Qc6
{[%clk 0:18:10]} Qg4 {[%clk 0:20:30]} 39. Rd3 {[%clk 0:17:16]} Re7
{[%clk 0:13:55]} 40. Kh2 {[%clk 0:41:10]} Re1 {[%clk 0:40:10]} 41. Qf6
{[%clk 0:34:13]} Qh5+ {[%clk 0:38:32]} 42. Bh4 {[%clk 0:32:43]} Ne6
{[%clk 0:35:35]} 43. Rh3 {[%clk 0:24:33]} g5 {[%clk 0:30:59]} 44. Bxe6
{[%clk 0:22:21]} gxh4 {[%clk 0:29:05]} 45. Rxh4 {[%clk 0:22:33]} Qe5+
{[%clk 0:29:26]} 46. Qxe5 {[%clk 0:21:55]} Rxe5 {[%clk 0:29:34]} 47. Bc4
{[%clk 0:22:04]} Rf5 {[%clk 0:27:47]} 48. Kg2 {[%clk 0:22:02]} Kg7
{[%clk 0:26:56]} 49. Rg4+ {[%clk 0:20:03]} Kf6 {[%clk 0:27:03]} 50. Re4
{[%clk 0:18:11]} a5 {[%clk 0:22:51]} 51. Kg3 {[%clk 0:17:07]} Kg6
{[%clk 0:16:18]} 52. Re7 {[%clk 0:16:52]} Kg7 {[%clk 0:15:32]} 53. f4
{[%clk 0:13:26]} Bd2 {[%clk 0:14:21]} 54. Re4 {[%clk 0:13:01]} Bc3
{[%clk 0:13:23]} 55. Kg4 {[%clk 0:12:06]} Rf6 {[%clk 0:13:04]} 56. Re5
{[%clk 0:08:33]} Rg6+ {[%clk 0:09:32]} 57. Rg5 {[%clk 0:08:10]} Rxg5+
{[%clk 0:07:25]} 58. Kxg5 {[%clk 0:07:25]} Kf8 {[%clk 0:07:49]} 59. f5
{[%clk 0:06:50]} Bd2+ {[%clk 0:06:18]} 60. Kf6 {[%clk 0:06:41]} Bc3
{[%clk 0:06:13]} 61. Bxf7 {[%clk 0:06:49]} d3+ {[%clk 0:06:16]} 62. Ke6
{[%clk 0:06:56]} d2 {[%clk 0:06:30]} 63. Bh5 {[%clk 0:07:08]} Bb4
{[%clk 0:06:18]} 64. Kd7 {[%clk 0:06:37]} Ba3 {[%clk 0:05:55]} 65. Kc6
{[%clk 0:06:26]} Ke7 {[%clk 0:04:28]} 66. Kb5 {[%clk 0:06:49]} Bb4
{[%clk 0:04:52]} 67. Ka4 {[%clk 0:04:18]} Kf6 {[%clk 0:04:58]} 68. a3
{[%clk 0:03:41]} Bc3 {[%clk 0:05:15]} 69. Bd1 {[%clk 0:03:59]} Kxf5
{[%clk 0:05:18]} 70. Kb5 {[%clk 0:04:08]} Bb2 {[%clk 0:01:55]} 71. b4
{[%clk 0:03:57]} axb4 {[%clk 0:01:33]} 72. a4 {[%clk 0:03:50]} 1/2-1/2